Score 0/25 Timer 04:00
27 Plays Today
% Correct
Milk?
93.9%
Pizza!
92.6%
Grrrrreat!
92.6%
Fresh
91.6%
Delicious
87%
Halitosis!
85.2%
Good
84.8%
People
82.7%
Pure
78.9%
Varieties
77.5%
Standards
75.9%
Wanted
74.9%
Possibilities
72.9%
% Correct
Más
71.5%
Different
70%
More
69%
First
66.7%
Through
66.3%
Inside
65.2%
Happiness
63.6%
Genius
61.4%
Follow
56.1%
Gold
54.6%
Life
52.9%
Unböring
44.8%
Remove Ads.
Support Sporcle.
Get the best of Sporcle when you Go Orange. This ad-free experience offers more features, more stats, and more fun while also helping to support Sporcle. Thank you for becoming a member.

You're not logged in!

Compare scores with friends on all Sporcle quizzes.
OR
Log In

Sporcle TV

Today on Sporcle TV


Watch our educational content, quiz creation guides, and fun videos on Sporcle TV.

Show Comments

Extras

Top Quizzes Today


Score Distribution

Paid Content

Your Account Isn't Verified!

In order to create a playlist on Sporcle, you need to verify the email address you used during registration. Go to your Sporcle Settings to finish the process.

Report this User

Report this user for behavior that violates our Community Guidelines.

Details: